AC Chievo Verona Squad 2017-2018 - Statistics

General Stats
  • This quiz has been taken 8 times
  • The average score is 19 of 32
Answer Stats
# Position Nation Player % Correct
19 MF Argentina Lucas Castro
100%
56 MF Finland Përparim Hetemaj
100%
31 FW Italy Sergio Pellissier
100%
23 MF Slovenia Valter Birsa
100%
90 GK Italy Andrea Seculin
80%
12 DF Slovenia Boštjan Cesar
80%
3 DF Italy Dario Dainelli
80%
29 DF Italy Fabrizio Cacciatore
80%
8 MF Serbia Ivan Radovanović
80%
20 FW Italy Manuel Pucciarelli
80%
9 FW Poland Mariusz Stępiński
80%
40 DF Serbia Nenad Tomović
80%
45 FW Italy Roberto Inglese
80%
70 GK Italy Stefano Sorrentino
80%
5 DF Italy Alessandro Gamberini
60%
55 FW Italy Emanuel Vignato
60%
27 MF Italy Fabio Depaoli
60%
18 DF Italy Massimo Gobbi
60%
14 DF Italy Mattia Bani
60%
11 FW Algeria Mehdi Léris
60%
21 DF France Nicolas Frey
60%
69 FW Italy Riccardo Meggiorini
60%
77 MF DR Congo Samuel Bastien
60%
7 MF Italy Luca Garritano
40%
4 MF Italy Nicola Rigoni
40%
2 DF Poland Paweł Jaroszyński
40%
- Coach Italy Rolando Maran
40%
17 FW Italy Emanuele Giaccherini
20%
10 MF Germany Gianluca Gaudino
20%
98 GK Italy Alessandro Confente
0%
- Coach Italy Lorenzo D'Anna
0%
97 DF Serbia Strahinja Tanasijević
0%
No matching quizzes found
Score Distribution
Percent of People with Each Score
Percentile by Number Answered
Your Score History
You have not taken this quiz